000
00196 a2200097 4500
001
47930
100
_a
Brow W N
245
_a
260
_a
Lahore
_b
Sind Sagar academy
_c
090
_c
30925
_d
30925
942
_a
NUST-CAE
_c
M
_c
23253
999
_c
283003
_d
283003